| 000 | 00000nam 2200000zi 4500 |
| 001 | 9.909932 |
| 003 | CaOODSP |
| 005 | 20221107182027 |
| 006 | m o d f |
| 007 | cr cn||||||||| |
| 008 | 220406t20222022onco o f000 0 ukr d |
| 020 | |a9780660429472 |
| 040 | |aCaOODSP|bfre|erda|cCaOODSP |
| 043 | |an-cn--- |
| 086 | 1 |aHP40-38/2022Ukr-PDF |
| 245 | 00|a[Guide sur la vaccination à l'intention des parents]. |
| 264 | 1|aOttawa, ON : |bAgence de la santé publique du Canada = Public Health Agency of Canada, |c[2022] |
| 264 | 4|c©2022 |
| 300 | |a1 ressource en ligne (30 pages) : |bphotographies |
| 336 | |atexte|btxt|2rdacontent/fre |
| 337 | |ainformatique|bc|2rdamedia/fre |
| 338 | |aressource en ligne|bcr|2rdacarrier/fre |
| 500 | |aSur la couverture : Guide sur la vaccination à l'intention des parents - ukrainien. |
| 500 | |aPublié aussi en anglais sous le titre : A parent's guide to vaccination. |
| 530 | |aÉgalement publié en version imprimée. |
| 546 | |aTexte en ukrainien. |
| 650 | 6|aEnfants|xVaccination|zCanada. |
| 710 | 2 |aAgence de santé publique du Canada, |eorganisme de publication. |
| 775 | 08|tGuide sur la vaccination à l'intention des parents.|w(CaOODSP)9.909663 |
| 776 | 0#|tGuide sur la vaccination à l'intention des parents.|w(CaOODSP)9.909934 |
| 791 | |t[A parents guide to vaccination].|eeng|w(CaOODSP)9.909931 |
| 794 | |t[Guide sur la vaccination à l'intention des parents].|w(CaOODSP)9.916842 |
| 856 | 40|qPDF|s2.53 Mo|uhttps://publications.gc.ca/collections/collection_2022/aspc-phac/HP40-38-2022-ukr.pdf |
| 986 | |a220016 |